Ostří hoši netančí /

Uložené v:
Podrobná bibliografia
Hlavný autor: Mailer, Norman, 1923-2007
Médium: Kniha
Jazyk:Czech
English
Vydané: Bratislava : Slovenský spisovateľ, odd.odbytu, 1994.
Vydanie:1. vyd.
Témy:
ISBN: 8022005215 (viaz.)
Fyzický popis: 218 s.
Tagy: Pridať tag
Žiadne tagy, Buďte prvý kto otaguje tento záznam!

MARC

LEADER 00000nam a2200000 a 4500
001 000069578
003 SVKK
005 20110912092725.0
008 990518s1994 xo e 000 f cze d
020 |a 8022005215 (viaz.) 
040 |a SVKKK  |b slo  |c SVKKK  |e AACR2 
041 1 |a cze  |h eng 
044 |a xo  |c SK 
080 |a 820(73)-3 Mailer, N.=850  |2 1997 
100 1 |a Mailer, Norman,  |d 1923-2007 
245 1 0 |a Ostří hoši netančí /  |c Norman Mailer. 
250 |a 1. vyd. 
260 |a Bratislava :  |b Slovenský spisovateľ, odd.odbytu,  |c 1994. 
300 |a 218 s. 
500 |a Preklad z angl. orig. 
655 7 |a umelecká literatúra  |2 SVKKKPH 
910 |a svkkk 
919 |a 80-220-0521-5 
974 |a MI  |d 19990518 
974 |a PA  |d 19990518 
974 |a PA  |d 20010430 
998 |a BK 
090 |g SCKHL  |k Sklad Pribinova 2. posch.  |a III.164030  |j 873331  |i 2720455708  |s Absenčne